Orbital angular momentum of radiation from relativistic planar channeled in Si crystal electrons; Physics Letters A; Vol. 451
| Parent link: | Physics Letters A.— .— Amsterdam: Elsevier Science Publishing Company Inc. Vol. 451.— 2022.— Article number 128431, 8 p. |
|---|---|
| Huvudupphovsman: | |
| Institutionell upphovsman: | |
| Övriga upphovsmän: | , |
| Sammanfattning: | Title screen We analyze channeling radiation in terms of twisted photons. We numerically calculate the average number of twisted photons produced by 255 MeV electrons channeled in (220) Si crystal. The periodicity of projection of the total angular momentum per photon with respect photon energy is revealed Текстовый файл AM_Agreement |
| Språk: | engelska |
| Publicerad: |
2022
|
| Ämnen: | |
| Länkar: | https://doi.org/10.1016/j.physleta.2022.128431 |
| Materialtyp: | Elektronisk Bokavsnitt |
| KOHA link: | https://koha.lib.tpu.ru/cgi-bin/koha/opac-detail.pl?biblionumber=675867 |
MARC
| LEADER | 00000naa0a2200000 4500 | ||
|---|---|---|---|
| 001 | 675867 | ||
| 005 | 20241025120208.0 | ||
| 090 | |a 675867 | ||
| 100 | |a 20241025d2022 k||y0rusy50 ba | ||
| 101 | 0 | |a eng | |
| 102 | |a NL | ||
| 135 | |a drcn ---uucaa | ||
| 181 | 0 | |a i |b e | |
| 182 | 0 | |a b | |
| 183 | 0 | |a cr |2 RDAcarrier | |
| 200 | 1 | |a Orbital angular momentum of radiation from relativistic planar channeled in Si crystal electrons |f O. V. Bogdanov, P. O. Kazinski, T. A. Tukhfatullin | |
| 203 | |a Текст |b визуальный |c электронный | ||
| 283 | |a online_resource |2 RDAcarrier | ||
| 300 | |a Title screen | ||
| 320 | |a References: 22 tit | ||
| 330 | |a We analyze channeling radiation in terms of twisted photons. We numerically calculate the average number of twisted photons produced by 255 MeV electrons channeled in (220) Si crystal. The periodicity of projection of the total angular momentum per photon with respect photon energy is revealed | ||
| 336 | |a Текстовый файл | ||
| 371 | 0 | |a AM_Agreement | |
| 461 | 1 | |t Physics Letters A |c Amsterdam |n Elsevier Science Publishing Company Inc. | |
| 463 | 1 | |t Vol. 451 |v Article number 128431, 8 p. |d 2022 | |
| 610 | 1 | |a электронный ресурс | |
| 610 | 1 | |a труды учёных ТПУ | |
| 610 | 1 | |a relativistic electrons | |
| 610 | 1 | |a channeling radiation | |
| 610 | 1 | |a twisted photon | |
| 610 | 1 | |a orbital angular momentum of electromagnetic field | |
| 700 | 1 | |a Bogdanov |b O. V. |c physicist |c Associate Professor of Tomsk Polytechnic University, Candidate of Physical and Mathematical Sciences |f 1981- |g Oleg Viktorovich |9 15679 | |
| 701 | 1 | |a Kazinsky |b P. O. |g Petr Olegovich | |
| 701 | 1 | |a Tukhfatullin |b T. A. |c physicist |c Associate Professor of Tomsk Polytechnic University, Candidate of physical and mathematical sciences |f 1971- |g Timur Ahatovich |9 17289 | |
| 712 | 0 | 2 | |a National Research Tomsk Polytechnic University |c (2009- ) |9 27197 |4 570 |
| 801 | 0 | |a RU |b 63413507 |c 20241025 | |
| 850 | |a 63413507 | ||
| 856 | 4 | |u https://doi.org/10.1016/j.physleta.2022.128431 |z https://doi.org/10.1016/j.physleta.2022.128431 | |
| 942 | |c CR | ||